Villes d'Europe - À choix multipes 2 - Statistiques

Statistiques générales
  • Ce quiz a été pris 30 fois
  • Le résultat moyen est 9 sur 15
Statistiques - réponses
Question Réponse % Correct
Katowice Pologne
93%
Saint-Gall Suisse
85%
Espelette France
81%
Baden-Baden Allemagne
78%
Oulu Finlande
74%
Louhansk Ukraine
74%
Kaunas Lituanie
63%
Bouillon Belgique
59%
Uppsala Suède
56%
Waterford Irlande
52%
Liberec Tchéquie
48%
Matera Italie
37%
Birkirkara Malte
37%
Bois-le-Duc Pays-Bas
37%
Olomouc Tchéquie
33%
Aucun quiz correspondant
Distribution des résultats
% des personnes avec chaque résultat
Percentile par nombre de réponses
Votre historique - résultats
Vous n’avez pas pris ce quiz